00622nam a22002297a 4500003000500000005001700005008004100022010001000063011001000073020001500083035001100098040000900109082001600118100002300134245006600157260004500223300002500268650001600293650003600309650002600345700002100371CHAP20220329143342.0081119s2006 us a r 00010 eng d a95398 a96370 a1578083761 a107022 cCHAP04a581.87bD841 aDashek, William V.10aPlant cell biologyc/by William V. Dashek and Marcia Harrison aEnfield, NH :bScience Publishers,c2006 axii, 494 p. :bilus.14aBiología.14aDivisión celular (Biología)14aFisiología vegetal.1 aHarrison, Marcia